Original 12 Counties of New York State - Statistics

General Stats
  • This quiz has been taken 10 times
  • The average score is 8 of 12
Answer Stats
County % Correct
Albany
100%
Duchess
83%
Kings
83%
New York
83%
Orange
83%
Queens
83%
Richmond
83%
Ulster
83%
Westchester
83%
Suffolk
67%
Cornwall
0%
Dukes
0%
No matching quizzes found
Score Distribution
Percent of People with Each Score
Percentile by Number Answered
Your Score History
You have not taken this quiz